The job search solution

Bibliographic Details
Main Author: Beshara, Tony
Format: Book
Published: New York : AMACOM , 2012
Subjects:

MARC

LEADER 00000cam a2200000 7i4500
001 0000160708
005 20120529.0
020 |a 081441799X 
020 |a 9780814417997 
090 0 0 |a 650.14   |b BES 
100 1 |a Beshara, Tony 
245 1 4 |a The job search solution   |c Tony Beshara 
260 |a New York :   |b AMACOM ,   |c 2012 
300 |a 313p. ;   |c 23cm. 
650 0 0 |a Employment interviewing 
650 0 0 |a Job hunting 
650 0 0 |a Job hunting   |x Psychological aspects 
650 0 0 |a Self-presentation 
999 |a 00259437   |b BUKU   |c PINJAMAN   |e PERPUSTAKAAN KOMUNITI PETALING JAYA